000
00306nam a2200097Ia 4500
082
_a
613.71 ACKL
245
0
_a
10-minute pilates with the ball : simple routines for a strong, toned body
100
_a
ACKLAND, Lesley London, 2003
_9
93685
942
_c
BK
008
210817s9999 xx 000 0 und d
999
_c
382866
_d
382865